000 00798cam a22002295a 4500
001 L159419
008 170608s201 xxk f 000 0 eng d
035 _a(Sirsi) u159419
041 0 _aeng
100 1 _aWaterfield, Patrick
245 0 0 _aEnergy efficient home
_h[electronic resource]
260 _aAbingdon
_bFaber and Faber
_c2012
520 _aLooks at factors to be taken into consideration when considering building a new home or making energy efficiency improvements to an exisitng property.
590 _aNTK
650 2 4 _aEBOOK
650 2 4 _aINSULATION
651 4 _aEngland and Wales
_y1543-
690 _aEnergy
_96237
690 _aSustainability
_96271
856 4 0 _uhttps://www.vlebooks.com/
_zView on VLEbooks. Logins for members only from [email protected]
942 _n0
999 _c115883
_d115883